000 00410nam a2200145 4500
003 OSt
082 _a664
_bANU/DE
088 _aT 607
100 _aAnuj Sonal P
_94751
245 _aDevelopment and quality evaluation of vacuum-impregnated coconut chips /
260 _aTavanur :
_bDepartment of Processing and Food Engineering,
_c2024.
300 _a163 p.
700 _aSudheer K P (Guide)
_96188
942 _cTH
999 _c18081
_d18081